Devinez le Pays mystère - N°4 - Statistiques

Statistiques générales
  • Ce quiz a été pris 992 fois
  • Le résultat moyen est 5 sur 7
Statistiques - réponses
Type de quiz Réponse % Correct
Lettre E
99%
Lettre N
94%
Lettre U
65%
Lettre I
55%
Lettre É
48%
Lettre G
48%
Réponse Guinée
47%
Aucun quiz correspondant
Distribution des résultats
% des personnes avec chaque résultat
Percentile par nombre de réponses
Votre historique - résultats
Vous n’avez pas pris ce quiz